书目信息 |
| 题名: |
集成电路应用500例
|
|
| 作者: | 吕广平 , 徐笑貌 编 | |
| 分册: | ||
| 出版信息: | 北京 人民邮电出版社 1983 |
|
| 页数: | 595页 | |
| 开本: | 21cm | |
| 丛书名: | ||
| 单 册: | ||
| 中图分类: | TN4 | |
| 科图分类: | ||
| 主题词: | 集成电路--应用 | |
| 电子资源: | ||
| ISBN: | 15045.总2618 无6197 | |
| 000 | 00683nam0 2200241 450 | |
| 001 | 0183000561 | |
| 005 | 20130329125347.0 | |
| 010 | @a15045.总2618 无6197@dCNY3.8 | |
| 091 | @a15045.总2618 无6197 | |
| 100 | @a20130329d1983 em y0chiy0110 ea | |
| 101 | 0 | @achi |
| 102 | @aCN@b110000 | |
| 105 | @ay z 000yy | |
| 106 | @ar | |
| 200 | 1 | @a集成电路应用500例@9Ji Cheng Dian Lu Ying Yong 5 0 0 Li @f吕广平,徐笑貌同编 |
| 210 | @a北京@c人民邮电出版社@d1983 | |
| 215 | @a595页@d21cm | |
| 606 | 0 | @a集成电路@x应用 |
| 690 | @aTN4@v3 | |
| 701 | 0 | @a吕广平@9lv guang ping@4编 |
| 701 | 0 | @a徐笑貌@9xu xiao mao@4编 |
| 801 | 0 | @aCN@b91MARC@c20130904 |
| 905 | @aBZT@dTN4@e11@f1@sTN4/11 | |
| 集成电路应用500例/吕广平,徐笑貌同编.-北京:人民邮电出版社,1983 |
| 595页;21cm |
| ISBN 15045.总2618 无6197:CNY3.8 |
| ● |
| 相关链接 |
|
|
|
正题名:集成电路应用500例
索取号:TN4/11
 
预约/预借
| 序号 | 登录号 | 条形码 | 馆藏地/架位号 | 状态 | 备注 |
| 1 | 2000049780 | 2000049780 | 旧书回溯/ [索取号:TN4/11] | 在馆 |